00326nam a2200121 a 450000500170000000800410001702000180005805000170007610000190009324500460011226000350015865000110019320140412111236.0100121s19uu xx 00 eng d a1-57064-454-3 aERbB45 1999 aBernthal, Mark aBarney's book of colors /cMark Bernthal. aNew York :bScholastic,c1999. aColors